000 01352nam a2200253Ia 4500
003 Ost
005 20260507075251.0
008 260507s9999||||xx |||||||||||||| ||und||
020 _a9789957123314
040 _cfsecg
041 _aara
082 _a330
100 _aالشمري، هاشم
_eمؤلف
245 0 _aالفساد الإداري و المالي :
_bو أثاره الاقتصادية و الاجتماعية /
_c هاشم الشمري
260 _aعمان:
_bدار اليازوري,
_c2011
300 _a261 صفحة؛
_bإيضاحات ؛
_c24 سم
504 _aفهارس ص.7؛مراجع ص.245 ؛ ملاحق ص.221
520 _aالاطار المفاهيمي للفساد الاداري و المالي و مسببات و أنواعه و مظاهره و التطور التاريخي له ، التأثيرات و التكالبف الناجمة عن الفساد الاداري و المالي في التنمية ، تحليل هذا الفساد في ظل التطورات الاقتصادية الدولية ، ، واقع هذا الفساد في كل من : العراق ، نيجيريا و سنغافورة .
653 _aالفساد
653 _aالفساد الاداري
653 _aالفساد- المالية
700 _aالفتلي، ايثار
_eمؤلف ثانوي
942 _cكتاب
999 _c43698
_d43698